[Event "España ch 2010 sub-14"]
[Site "Linares ESP"]
[Date "2010.07.17"]
[Round "7.17"]
[White "Jimenez Peñafiel, Gustavo"]
[Black "Navarrete Espi, Samuel"]
[Result "1/2-1/2"]
[WhiteElo "1746"]
[BlackElo "2057"]
[PlyCount "87"]
[EventDate "2010.07.13"]
[EventType "swiss"]
[EventRounds "9"]
[EventCountry "ESP"]
[Source "lmi"]
[SourceDate "2010.07.13"]

1. e4 e5 2. Nf3 Nc6 3. d4 exd4 4. Nxd4 Nf6 5. Nxc6 bxc6 6. Bd3 Bb4+ 7. Nc3 d5
8. exd5 O-O 9. O-O cxd5 10. Bg5 c6 11. Qf3 h6 12. Bxf6 Qxf6 13. Qxf6 gxf6 14.
a3 Bd6 15. Ne2 Rb8 16. Rab1 c5 17. b3 Be6 18. c4 d4 19. Ng3 Bxg3 20. hxg3 a5
21. Rb2 Rb6 22. Rfb1 Rfb8 23. f3 Bd7 24. Bc2 Be6 25. Bd3 Bd7 26. Bc2 Kg7 27.
Kf2 Kf8 28. Kf1 Ke7 29. Kf2 Kd6 30. Kf1 Bc6 31. Bd3 Re8 32. Re2 Rbb8 33. Rxe8
Rxe8 34. Re1 Rxe1+ 35. Kxe1 Ke5 36. Kd2 Bd7 37. Ke2 Kd6 38. Kd2 Kc7 39. Kc2 Kb6
40. Kc1 Be6 41. a4 Kc7 42. Kd2 Kd6 43. f4 Bg4 44. Be4 1/2-1/2

[Event "España ch 2010 sub-14"]
[Site "Linares ESP"]
[Date "2010.07.17"]
[Round "7.18"]
[White "Calle Moreau, Sergio"]
[Black "Fernandez Gil, Ruben Carlos"]
[Result "1/2-1/2"]
[WhiteElo "1897"]
[BlackElo "1721"]
[PlyCount "73"]
[EventDate "2010.07.13"]
[EventType "swiss"]
[EventRounds "9"]
[EventCountry "ESP"]
[Source "lmi"]
[SourceDate "2010.07.13"]

1. e4 e6 2. Nf3 d5 3. Nc3 Nf6 4. exd5 Nxd5 5. Nxd5 exd5 6. d4 Bd6 7. Bd3 h6 8.
Qe2+ Qe7 9. Qxe7+ Bxe7 10. Bf4 c6 11. h3 Be6 12. O-O-O Nd7 13. Rde1 O-O 14. g4
g5 15. Bg3 Bf6 16. Ne5 Nxe5 17. Bxe5 Bxe5 18. Rxe5 Rfe8 19. Rhe1 Bd7 20. Rxe8+
Rxe8 21. Rxe8+ Bxe8 22. Bf5 b6 23. Kd2 Kf8 24. b3 Ke7 25. c4 Kd6 26. Kc3 c5 27.
a4 dxc4 28. Kxc4 Bc6 29. dxc5+ bxc5 30. b4 cxb4 31. Kxb4 Kc7 32. a5 Bg2 33. Bd3
Bxh3 34. Be2 f5 35. f3 fxg4 36. fxg4 Bg2 37. Kc5 1/2-1/2

[Event "España ch 2010 sub-14"]
[Site "Linares ESP"]
[Date "2010.07.17"]
[Round "7.19"]
[White "Alonso Vara, Maria"]
[Black "Garcia Rodriguez, Sara"]
[Result "1/2-1/2"]
[WhiteElo "1736"]
[BlackElo "1867"]
[PlyCount "117"]
[EventDate "2010.07.13"]
[EventType "swiss"]
[EventRounds "9"]
[EventCountry "ESP"]
[Source "lmi"]
[SourceDate "2010.07.13"]

1. e4 c5 2. Nf3 d6 3. d4 cxd4 4. Nxd4 Nf6 5. Nc3 g6 6. Bc4 Bg7 7. Bb3 Nc6 8.
Be3 O-O 9. f3 Bd7 10. h4 h5 11. Qd2 Na5 12. Bh6 Nxb3 13. Nxb3 b5 14. Bxg7 Kxg7
15. O-O-O Rc8 16. Kb1 Qc7 17. Nd4 Qb7 18. Qg5 Rc5 19. Qe3 b4 20. Nce2 Rfc8 21.
Rd2 Qa6 22. Nb3 Be6 23. Ned4 Bxb3 24. Nxb3 Rb5 25. Qd4 Rb6 26. e5 dxe5 27. Qxe5
Re6 28. Qa5 Qxa5 29. Nxa5 Rc5 30. Nb3 Rce5 31. Rhd1 Re1 32. Kc1 Rxd1+ 33. Kxd1
Ra6 34. Nc1 Ra5 35. Rd4 Rd5 36. Rxd5 Nxd5 37. Ke2 Kf6 38. Nd3 g5 39. hxg5+ Kxg5
40. Ne5 Kf4 41. Nxf7 Kg3 42. Kf1 Ne3+ 43. Kg1 Nxg2 44. Ne5 Ne1 45. Nc6 Nxc2 46.
Nxe7 Kxf3 47. Kh2 Nd4 48. Nd5 a5 49. Kh3 Ke4 50. Nb6 Kd3 51. Kh4 Kc2 52. Kxh5
Nf5 53. b3 Nd6 54. Nc4 Nb7 55. Kg4 Kc3 56. Kf3 a4 57. Nb6 Kb2 58. Nxa4+ Kxa2
59. Nb6 1/2-1/2

[Event "España ch 2010 sub-14"]
[Site "Linares ESP"]
[Date "2010.07.17"]
[Round "7.20"]
[White "Cavalle Pulla, Daniel"]
[Black "Martinez Gonzalez, Enrique"]
[Result "1-0"]
[WhiteElo "1862"]
[BlackElo "1712"]
[PlyCount "81"]
[EventDate "2010.07.13"]
[EventType "swiss"]
[EventRounds "9"]
[EventCountry "ESP"]
[Source "lmi"]
[SourceDate "2010.07.13"]

1. e4 c5 2. Nf3 d6 3. c3 Nf6 4. h3 Nxe4 5. Qa4+ Bd7 6. Qxe4 Bc6 7. Qe3 Nd7 8.
d4 e6 9. c4 Nf6 10. d5 Be7 11. Bd3 Bd7 12. Nc3 e5 13. O-O O-O 14. Qe2 h6 15.
Nh2 Qc7 16. f4 a6 17. Nf3 Rae8 18. Qc2 Nh5 19. Nh2 Ng3 20. Rf3 Bh4 21. Nf1 Nxf1
22. Rxf1 Qc8 23. Ne4 Qc7 24. fxe5 dxe5 25. Be3 b6 26. Nd2 e4 27. Bxe4 f5 28.
Bf4 Qc8 29. Bf3 Bf6 30. Bh5 Bd4+ 31. Kh1 Rd8 32. Nf3 Rf6 33. Nxd4 g6 34. Be5
Rff8 35. Bd6 gxh5 36. Bxf8 Rxf8 37. Ne6 Bxe6 38. dxe6 Qxe6 39. Rae1 Qf6 40. Qe2
Kg7 41. Qe5 1-0

[Event "España ch 2010 sub-14"]
[Site "Linares ESP"]
[Date "2010.07.17"]
[Round "7.21"]
[White "Garcia Martinez, Marcos"]
[Black "Garcia Acosta, Roger"]
[Result "0-1"]
[WhiteElo "1708"]
[BlackElo "1857"]
[PlyCount "106"]
[EventDate "2010.07.13"]
[EventType "swiss"]
[EventRounds "9"]
[EventCountry "ESP"]
[Source "lmi"]
[SourceDate "2010.07.13"]

1. d4 d5 2. c4 e6 3. Nf3 Nf6 4. g3 Be7 5. Bg2 O-O 6. O-O Nbd7 7. Nc3 c6 8. Nd2
e5 9. cxd5 cxd5 10. Nxd5 Nxd5 11. Bxd5 Nb6 12. Bg2 exd4 13. b3 Nd5 14. Bb2 Nc3
15. Bxc3 dxc3 16. Ne4 Ba3 17. Qc2 Bb2 18. Rad1 Qa5 19. Rd5 Qb4 20. Rfd1 Be6 21.
Ng5 g6 22. Nxe6 fxe6 23. R1d4 Qb6 24. Rd6 Qc5 25. Be4 e5 26. Bxg6 exd4 27.
Bxh7+ Kh8 28. Rh6 Qg5 29. Rh4 Qc1+ 30. Kg2 Qxc2 31. Bxc2+ Kg7 32. Rh7+ Kg8 33.
Rxb7 Rae8 34. Kf1 Rf7 35. Rb4 Rd7 36. h4 Re5 37. g4 Ba3 38. Rb8+ Bf8 39. g5
Rde7 40. Bd3 Ra5 41. a4 Rc5 42. Bc2 Rh7 43. b4 Rcc7 44. f4 Rxh4 45. f5 Rg4 46.
Bb3+ Kg7 47. f6+ Kg6 48. Rxf8 c2 49. Rg8+ Kh7 50. Rg7+ Rxg7 51. Bxc2+ Rg6 52.
Bxg6+ Kxg6 53. Kf2 d3 0-1

[Event "España ch 2010 sub-14"]
[Site "Linares ESP"]
[Date "2010.07.17"]
[Round "7.22"]
[White "Bastida Rodriguez, Ines"]
[Black "Pozanco Romasanta, Marc"]
[Result "1/2-1/2"]
[WhiteElo "1504"]
[BlackElo "1843"]
[PlyCount "60"]
[EventDate "2010.07.13"]
[EventType "swiss"]
[EventRounds "9"]
[EventCountry "ESP"]
[Source "lmi"]
[SourceDate "2010.07.13"]

1. e4 a6 2. d4 b5 3. Bd3 Bb7 4. Nf3 e6 5. c3 c5 6. O-O Nf6 7. Re1 cxd4 8. Nxd4
Bc5 9. b4 Bxd4 10. cxd4 Nc6 11. e5 Nd5 12. Be4 Ndxb4 13. a3 Nd5 14. Bxd5 exd5
15. Nc3 Na5 16. Qg4 Qe7 17. Qxg7 O-O-O 18. Bg5 Qf8 19. Qf6 Re8 20. Qf4 Re6 21.
Bf6 Rg8 22. Qe3 Rg6 23. Qd3 Nc4 24. Ne2 Qh6 25. f4 Re8 26. Bg5 Qg7 27. Ng3 h6
28. Bf6 Qf8 29. Nf5 Kb8 30. h3 Bc8 1/2-1/2

[Event "España ch 2010 sub-14"]
[Site "Linares ESP"]
[Date "2010.07.17"]
[Round "7.23"]
[White "Monge Gilgado, Eva Maria"]
[Black "Mercado Larrea, Adrian"]
[Result "1/2-1/2"]
[WhiteElo "1811"]
[BlackElo "1685"]
[PlyCount "61"]
[EventDate "2010.07.13"]
[EventType "swiss"]
[EventRounds "9"]
[EventCountry "ESP"]
[Source "lmi"]
[SourceDate "2010.07.13"]

1. e4 c5 2. Nf3 Nc6 3. d4 cxd4 4. Nxd4 Nf6 5. Nc3 e5 6. Ndb5 d6 7. Nd5 Nxd5 8.
exd5 Nb8 9. c4 a6 10. Qa4 Nd7 11. Be3 b6 12. b4 Bb7 13. Nc3 Be7 14. Bd3 O-O 15.
Qc2 h6 16. O-O Bg5 17. Na4 Rc8 18. Qd2 f5 19. f4 exf4 20. Bxf4 Bxf4 21. Qxf4
Ne5 22. Bxf5 Rf6 23. Qd2 Rxc4 24. Be6+ Kh8 25. Rxf6 Qxf6 26. Rf1 Qd8 27. Nb2
Rc7 28. Qf2 b5 29. Qf8+ Qxf8 30. Rxf8+ Kh7 31. Bf5+ 1/2-1/2

[Event "España ch 2010 sub-14"]
[Site "Linares ESP"]
[Date "2010.07.17"]
[Round "7.24"]
[White "Buiza Prieto, Eihartze"]
[Black "Prado Acebo, Ines"]
[Result "0-1"]
[WhiteElo "1766"]
[BlackElo "1552"]
[PlyCount "68"]
[EventDate "2010.07.13"]
[EventType "swiss"]
[EventRounds "9"]
[EventCountry "ESP"]
[Source "lmi"]
[SourceDate "2010.07.13"]

1. e4 e5 2. Nf3 Nc6 3. Bc4 Bc5 4. c3 Nf6 5. d4 exd4 6. cxd4 Bb4+ 7. Bd2 Qe7 8.
e5 d5 9. Bb5 O-O 10. O-O Ne4 11. Qb3 Nxd2 12. Nbxd2 Nxd4 13. Nxd4 Bxd2 14. Qxd5
Bf4 15. Rfe1 Kh8 16. Qe4 Bh6 17. Bd3 g6 18. f4 c5 19. Ne2 Rd8 20. Rad1 Bg4 21.
h3 Bxe2 22. Bxe2 Qh4 23. Bg4 Qg3 24. f5 Rxd1 25. Rxd1 Be3+ 26. Kh1 Bf4 27. Kg1
Bxe5 28. Qxb7 Re8 29. Qxf7 Bd4+ 30. Kh1 Re1+ 31. Rxe1 Qxe1+ 32. Kh2 Bg1+ 33.
Kh1 Bf2+ 34. Kh2 Qg1# 0-1

[Event "España ch 2010 sub-14"]
[Site "Linares ESP"]
[Date "2010.07.17"]
[Round "7.25"]
[White "Montoliu Cervero, Francisco"]
[Black "Gonzalez Benavides, Jose Antonio"]
[Result "1-0"]
[WhiteElo "2153"]
[BlackElo "1750"]
[PlyCount "50"]
[EventDate "2010.07.13"]
[EventType "swiss"]
[EventRounds "9"]
[EventCountry "ESP"]
[Source "lmi"]
[SourceDate "2010.07.13"]

1. e4 c5 2. Nf3 Nc6 3. d4 cxd4 4. Nxd4 Nf6 5. Nc3 e5 6. Ndb5 d6 7. Bg5 a6 8.
Na3 b5 9. Nd5 Be7 10. Bxf6 Bxf6 11. c4 b4 12. Nc2 Rb8 13. b3 O-O 14. g3 Bg5 15.
Bg2 f5 16. O-O a5 17. Qd3 f4 18. f3 h5 19. Rfd1 fxg3 20. hxg3 Be6 21. Rf1 Bh6
22. f4 Bg4 23. f5 Qg5 24. Nc7 Qd2 25. Qxd2 Bxd2 1-0

[Event "España ch 2010 sub-14"]
[Site "Linares ESP"]
[Date "2010.07.17"]
[Round "8.1"]
[White "Shen, Yue"]
[Black "Santos Latasa, Jaime"]
[Result "1/2-1/2"]
[WhiteElo "1849"]
[BlackElo "2255"]
[PlyCount "48"]
[EventDate "2010.07.13"]
[EventType "swiss"]
[EventRounds "9"]
[EventCountry "ESP"]
[Source "lmi"]
[SourceDate "2010.07.13"]

1. e4 c6 2. d4 d5 3. e5 c5 4. c3 Nc6 5. h3 Bf5 6. Bd3 Bxd3 7. Qxd3 e6 8. Nf3
cxd4 9. cxd4 Nb4 10. Qd1 Qc7 11. Nc3 Qc4 12. Qe2 Qxe2+ 13. Kxe2 Rc8 14. a3 Nc6
15. Be3 Nge7 16. Rac1 Nf5 17. Na4 b6 18. Rc3 Be7 19. Rhc1 Kd7 20. b4 h5 21. Kd3
f6 22. Kd2 Rhg8 23. Nb2 g5 24. b5 Na5 1/2-1/2

[Event "España ch 2010 sub-14"]
[Site "Linares ESP"]
[Date "2010.07.17"]
[Round "8.2"]
[White "Herrera Gonzalez, Javier"]
[Black "Escudero Manzano, Alejandro"]
[Result "0-1"]
[WhiteElo "1868"]
[BlackElo "2125"]
[PlyCount "58"]
[EventDate "2010.07.13"]
[EventType "swiss"]
[EventRounds "9"]
[EventCountry "ESP"]
[Source "lmi"]
[SourceDate "2010.07.13"]

1. d4 d5 2. Nf3 Nf6 3. g3 c6 4. Bg2 Bf5 5. O-O h6 6. c4 e6 7. Nc3 Be7 8. Qb3
Qb6 9. c5 Qa6 10. Ne5 O-O 11. Bd2 b6 12. cxb6 axb6 13. Rfc1 c5 14. e3 Nbd7 15.
Nxd7 Nxd7 16. Qb5 Nf6 17. Qxa6 Rxa6 18. b3 cxd4 19. exd4 Ba3 20. Bf1 Bxc1 21.
Rxc1 Raa8 22. Na4 Rfc8 23. f3 Rxc1 24. Bxc1 Nd7 25. Bb2 Bb1 26. Bb5 Nf6 27. Nc3
Bxa2 28. Ba4 b5 29. Nxb5 Rb8 0-1

[Event "España ch 2010 sub-14"]
[Site "Linares ESP"]
[Date "2010.07.17"]
[Round "8.3"]
[White "Segura Santos, Luis"]
[Black "Gutierrez Valero, Mario"]
[Result "0-1"]
[WhiteElo "1788"]
[BlackElo "2071"]
[PlyCount "74"]
[EventDate "2010.07.13"]
[EventType "swiss"]
[EventRounds "9"]
[EventCountry "ESP"]
[Source "lmi"]
[SourceDate "2010.07.13"]

1. e4 c5 2. Nf3 Nc6 3. Bb5 e6 4. O-O Nge7 5. c3 a6 6. Ba4 b5 7. Bc2 d5 8. e5 d4
9. Qe2 Bb7 10. a4 b4 11. c4 Ng6 12. Bxg6 hxg6 13. d3 Be7 14. Bf4 g5 15. Bg3 Qd7
16. Nbd2 O-O-O 17. Ne4 f6 18. Rfe1 Rde8 19. h3 Nd8 20. Qc2 Nf7 21. Kf1 f5 22.
Ned2 Qc6 23. Rec1 Rh5 24. Ke2 Reh8 25. Nb3 Bd8 26. Rg1 Bc7 27. Rae1 f4 28. Bh2
g4 29. hxg4 Rxh2 30. Nxh2 Rxh2 31. Nd2 Ng5 32. Kd1 Rxg2 33. Rxg2 Qxg2 34. Ne4
Nxe4 35. dxe4 Bxe5 36. Qe2 f3 37. Qf1 Bxe4 0-1

[Event "España ch 2010 sub-14"]
[Site "Linares ESP"]
[Date "2010.07.17"]
[Round "8.4"]
[White "Antunez Muñoz, Juan Jesus"]
[Black "Moreno Ibañez, Miguel"]
[Result "1-0"]
[WhiteElo "1748"]
[BlackElo "1946"]
[PlyCount "45"]
[EventDate "2010.07.13"]
[EventType "swiss"]
[EventRounds "9"]
[EventCountry "ESP"]
[Source "lmi"]
[SourceDate "2010.07.13"]

1. e4 c5 2. Nf3 a6 3. g3 b5 4. Bg2 Bb7 5. d3 d6 6. O-O Nf6 7. Re1 g6 8. Nbd2
Bg7 9. c3 O-O 10. d4 Nfd7 11. d5 c4 12. Nf1 Nc5 13. Be3 Nxe4 14. Bd4 Nf6 15. g4
Nxg4 16. Bxg7 Kxg7 17. Nd4 Nf6 18. Ng3 Qd7 19. Rxe7 Qc8 20. Ne6+ Kg8 21. Rc7
Qe8 22. Nxf8 Bc8 23. Ne6 1-0

[Event "España ch 2010 sub-14"]
[Site "Linares ESP"]
[Date "2010.07.17"]
[Round "8.5"]
[White "Suarez Garcia, Carlos"]
[Black "Nicolas Zapata, Irene"]
[Result "1-0"]
[WhiteElo "2200"]
[BlackElo "1962"]
[PlyCount "75"]
[EventDate "2010.07.13"]
[EventType "swiss"]
[EventRounds "9"]
[EventCountry "ESP"]
[Source "lmi"]
[SourceDate "2010.07.13"]

1. d4 Nf6 2. c4 g6 3. Nc3 d5 4. cxd5 Nxd5 5. e4 Nxc3 6. bxc3 Bg7 7. Bc4 c5 8.
Ne2 O-O 9. Be3 Nc6 10. O-O b6 11. Qd2 Bb7 12. Rac1 Qc7 13. Bh6 Rad8 14. Bxg7
Kxg7 15. Qe3 e5 16. Bd5 Na5 17. Bxb7 Nxb7 18. f4 f6 19. Ng3 Qe7 20. dxe5 fxe5
21. f5 c4 22. f6+ Rxf6 23. Nh5+ gxh5 24. Qg5+ Kh8 25. Rxf6 Nd6 26. Rcf1 Rg8 27.
Qxh5 Nxe4 28. Rf7 Qc5+ 29. Kh1 Ng5 30. R7f5 Qe7 31. Qe2 e4 32. Qxc4 Qg7 33. Qd4
Qxd4 34. cxd4 e3 35. Re1 Ne6 36. Rxe3 Nxd4 37. Rf7 Rc8 38. h3 1-0

[Event "España ch 2010 sub-14"]
[Site "Linares ESP"]
[Date "2010.07.17"]
[Round "8.6"]
[White "Martin Duque, Jesus"]
[Black "Jimenez Almeida, Luis David"]
[Result "1-0"]
[WhiteElo "2073"]
[BlackElo "1936"]
[PlyCount "81"]
[EventDate "2010.07.13"]
[EventType "swiss"]
[EventRounds "9"]
[EventCountry "ESP"]
[Source "lmi"]
[SourceDate "2010.07.13"]

1. e4 e6 2. d4 d5 3. e5 c5 4. c3 Nc6 5. Nf3 Nh6 6. Bd3 cxd4 7. cxd4 Nf5 8. Be3
Be7 9. Nc3 Nxe3 10. fxe3 f5 11. exf6 Bxf6 12. O-O O-O 13. Qc2 h6 14. a3 Bd7 15.
Rf2 Bh4 16. g3 Bg5 17. Qe2 Be7 18. Raf1 a6 19. Bb1 Be8 20. Qd3 g6 21. Ne2 Bd6
22. Nh4 Rxf2 23. Rxf2 Ne7 24. e4 dxe4 25. Qxe4 Nf5 26. Ba2 Bf7 27. Bxe6 Qe7 28.
Nxf5 gxf5 29. Bxf7+ Kxf7 30. Rxf5+ Kg7 31. Qxe7+ Bxe7 32. Kf2 Rc8 33. Rd5 Kf6
34. Rd7 b5 35. Ra7 Rc6 36. Nc3 Bd8 37. Kf3 Ba5 38. Ne4+ Ke6 39. b4 Bd8 40. Nc5+
Kd5 41. Rd7+ 1-0

[Event "España ch 2010 sub-14"]
[Site "Linares ESP"]
[Date "2010.07.17"]
[Round "8.7"]
[White "Ballester Llagaria, Luis Eduardo"]
[Black "Serarols Mabras, Bernat"]
[Result "1-0"]
[WhiteElo "2056"]
[BlackElo "1827"]
[PlyCount "46"]
[EventDate "2010.07.13"]
[EventType "swiss"]
[EventRounds "9"]
[EventCountry "ESP"]
[Source "lmi"]
[SourceDate "2010.07.13"]

1. f4 d5 2. Nf3 Nf6 3. e3 e6 4. b3 Bd6 5. Bb2 Nbd7 6. Be2 c6 7. O-O O-O 8. Qe1
Re8 9. Ne5 Qe7 10. d3 Bc7 11. Qg3 a6 12. Nd2 c5 13. Ndf3 Qf8 14. Rad1 b5 15.
Qh4 h6 16. g4 Nh7 17. g5 Nxe5 18. Nxe5 Bxe5 19. Bxe5 Qe7 20. Rf3 hxg5 21. Qh5
f6 22. Rh3 Nf8 23. fxg5 Rd8 1-0

[Event "España ch 2010 sub-14"]
[Site "Linares ESP"]
[Date "2010.07.17"]
[Round "8.8"]
[White "Forsberg Conde, Martin"]
[Black "Valero Gutierrez, Alvaro"]
[Result "0-1"]
[WhiteElo "2010"]
[BlackElo "1847"]
[PlyCount "24"]
[EventDate "2010.07.13"]
[EventType "swiss"]
[EventRounds "9"]
[EventCountry "ESP"]
[Source "lmi"]
[SourceDate "2010.07.13"]

1. e4 Nc6 2. d4 e5 3. Nf3 exd4 4. Nxd4 Qf6 5. Be3 Bc5 6. c3 Nge7 7. Qd2 O-O 8.
Nb5 Bb6 9. Bxb6 cxb6 10. Nd6 Ng6 11. Na3 Nce5 12. g3 Nf3+ 0-1

[Event "España ch 2010 sub-14"]
[Site "Linares ESP"]
[Date "2010.07.17"]
[Round "8.9"]
[White "Galvan Prieto, Albano"]
[Black "Capote Robayna, Nathaniel"]
[Result "1/2-1/2"]
[WhiteElo "1807"]
[BlackElo "1970"]
[PlyCount "68"]
[EventDate "2010.07.13"]
[EventType "swiss"]
[EventRounds "9"]
[EventCountry "ESP"]
[Source "lmi"]
[SourceDate "2010.07.13"]

1. e4 e6 2. d4 d5 3. e5 c5 4. c3 Nc6 5. Nf3 Qb6 6. Bd3 Nh6 7. O-O cxd4 8. cxd4
Nf5 9. Bxf5 exf5 10. Nc3 Be6 11. Rb1 Be7 12. Ne2 O-O 13. Nf4 Rac8 14. Be3 Rc7
15. a3 Na5 16. Nd3 Nc4 17. Nd2 Nxe3 18. fxe3 Qb5 19. Nb3 b6 20. Rf2 Rfc8 21.
Rc1 Rxc1 22. Nbxc1 Qc4 23. Qb3 Qxb3 24. Nxb3 a5 25. Na1 g5 26. Rc2 Kf8 27.
Rxc8+ Bxc8 28. Nb3 Ba6 29. Ndc1 Ke8 30. Kf2 f6 31. exf6 Bxf6 32. Ne2 f4 33. g3
fxe3+ 34. Kxe3 Ke7 1/2-1/2

[Event "España ch 2010 sub-14"]
[Site "Linares ESP"]
[Date "2010.07.17"]
[Round "8.10"]
[White "Alvarez Serrano, Carlos"]
[Black "Rubio Tent, Francisco"]
[Result "0-1"]
[WhiteElo "1790"]
[BlackElo "1954"]
[PlyCount "164"]
[EventDate "2010.07.13"]
[EventType "swiss"]
[EventRounds "9"]
[EventCountry "ESP"]
[Source "lmi"]
[SourceDate "2010.07.13"]

1. e4 c5 2. Nf3 Nc6 3. d4 cxd4 4. Nxd4 e5 5. Nb5 d6 6. N1c3 a6 7. Na3 b5 8. Nd5
Nge7 9. c4 Nd4 10. Nc2 Nxc2+ 11. Qxc2 Nxd5 12. cxd5 Bd7 13. Bd3 Be7 14. Be3 Bg5
15. Qd2 Bxe3 16. Qxe3 O-O 17. O-O Qc7 18. Rac1 Qb7 19. f4 exf4 20. Qxf4 Qb6+
21. Kh1 Rae8 22. Rc3 Qd4 23. Qxd6 Rc8 24. Rxc8 Bxc8 25. Qa3 b4 26. Qb3 a5 27.
Qc2 g6 28. b3 Bd7 29. Qc4 Qe3 30. Rf3 Qe1+ 31. Rf1 Qe3 32. Be2 Rc8 33. Qd3 Qb6
34. Qf3 Be8 35. Bc4 Qd6 36. Qf6 Qxf6 37. Rxf6 Kg7 38. Ra6 Bb5 39. Rxa5 Bxc4 40.
bxc4 Rxc4 41. h3 Rxe4 42. Rb5 Rd4 43. d6 Rxd6 44. Rxb4 Rd2 45. a4 Ra2 46. Kh2
Ra3 47. Rf4 h5 48. g4 hxg4 49. hxg4 Kh6 50. Rb4 Kg5 51. Kg2 Kh4 52. Kh2 Ra2+
53. Kg1 Kg3 54. Kf1 Kf3 55. Ke1 Ra1+ 56. Kd2 f5 57. gxf5 gxf5 58. Rb3+ Kg4 59.
Rb8 Rxa4 60. Ke2 Kf4 61. Rb3 Ra1 62. Rb4+ Kg5 63. Rb8 Ra2+ 64. Kf3 Ra3+ 65. Ke2
Kg4 66. Rg8+ Kf4 67. Rb8 Re3+ 68. Kf2 Re4 69. Rh8 Re7 70. Ra8 Rb7 71. Ra4+ Kg5
72. Ra8 Kg4 73. Rg8+ Kf4 74. Ra8 Rb2+ 75. Kf1 Kg4 76. Ra7 f4 77. Ra8 Kg3 78.
Rg8+ Kf3 79. Ke1 Rb1+ 80. Kd2 Kf2 81. Kd3 Re1 82. Kd2 Re7 0-1

[Event "España ch 2010 sub-14"]
[Site "Linares ESP"]
[Date "2010.07.17"]
[Round "8.11"]
[White "Garcia De Lomas Guerrero, Carlos"]
[Black "Ventura Bolet, Maxim"]
[Result "0-1"]
[WhiteElo "1915"]
[BlackElo "1846"]
[PlyCount "86"]
[EventDate "2010.07.13"]
[EventType "swiss"]
[EventRounds "9"]
[EventCountry "ESP"]
[Source "lmi"]
[SourceDate "2010.07.13"]

1. e4 c5 2. Nc3 a6 3. a4 Nc6 4. f4 e6 5. Bc4 g6 6. Nf3 Bg7 7. O-O Nge7 8. Qe1
Nd4 9. Nxd4 cxd4 10. Ne2 O-O 11. d3 d5 12. Bb3 dxe4 13. dxe4 d3 14. Nc3 dxc2
15. Be3 Bd7 16. Bxc2 Qc7 17. Rc1 Bc6 18. Qh4 Rfe8 19. Rf3 e5 20. fxe5 Qxe5 21.
Bb3 Nf5 22. Qf2 Kh8 23. Bf4 Qe7 24. exf5 Bxf3 25. gxf3 Qb4 26. f6 Bf8 27. Nd5
Qxb3 28. Nc7 Qxa4 29. Bd2 Rad8 30. Nxe8 Rxe8 31. Bc3 Qb5 32. Qg3 Qd3 33. Rf1
Bc5+ 34. Rf2 Bxf2+ 35. Qxf2 Qd1+ 36. Qf1 Qxf1+ 37. Kxf1 h6 38. Kf2 g5 39. Kg3
Kh7 40. h4 gxh4+ 41. Kxh4 Re3 42. Kg4 Rxc3 43. bxc3 a5 0-1

[Event "España ch 2010 sub-14"]
[Site "Linares ESP"]
[Date "2010.07.17"]
[Round "8.12"]
[White "Ruiz Font, Elisabet"]
[Black "Romero Calduch, Sergio"]
[Result "0-1"]
[WhiteElo "1899"]
[BlackElo "1734"]
[PlyCount "58"]
[EventDate "2010.07.13"]
[EventType "swiss"]
[EventRounds "9"]
[EventCountry "ESP"]
[Source "lmi"]
[SourceDate "2010.07.13"]

1. e4 Nf6 2. e5 Nd5 3. d4 d6 4. c4 Nb6 5. f4 dxe5 6. fxe5 Nc6 7. Be3 Bf5 8. Nc3
e6 9. Nf3 Be7 10. d5 exd5 11. cxd5 Nb4 12. Nd4 Bd7 13. Qf3 c5 14. e6 O-O 15.
exd7 cxd4 16. Bxd4 Nc2+ 17. Kd2 Nxd4 18. Qe4 Bf6 19. Bd3 g6 20. h4 Nxd7 21. g4
Nc5 22. Qg2 Nxd3 23. Kxd3 Ne6 24. Raf1 Nc5+ 25. Kc2 Qe7 26. Re1 Qd7 27. h5 Rae8
28. Ref1 Bxc3 29. bxc3 Qa4+ 0-1

[Event "España ch 2010 sub-14"]
[Site "Linares ESP"]
[Date "2010.07.17"]
[Round "8.13"]
[White "Abal Cores, Lucas"]
[Black "Perez Cabas, Jose"]
[Result "0-1"]
[WhiteElo "1658"]
[BlackElo "1873"]
[PlyCount "72"]
[EventDate "2010.07.13"]
[EventType "swiss"]
[EventRounds "9"]
[EventCountry "ESP"]
[Source "lmi"]
[SourceDate "2010.07.13"]

1. e4 c5 2. Nc3 e6 3. Bc4 a6 4. a4 Nc6 5. f4 d6 6. Nf3 Nf6 7. d3 Be7 8. O-O O-O
9. Qe1 d5 10. Bb3 Nd4 11. Nxd4 cxd4 12. Nd1 dxe4 13. dxe4 b6 14. f5 e5 15. Rf3
Bb7 16. Nf2 Qd6 17. Qe2 Qc6 18. Bg5 Kh8 19. Rd1 Bc5 20. Bxf6 Qxf6 21. Rh3 Qg5
22. Kh1 g6 23. Rdd3 gxf5 24. Rdg3 Qc1+ 25. Nd1 Bxe4 26. c3 Ra7 27. Qh5 f6 28.
Qh4 Bd5 29. c4 Bxc4 30. Rc3 dxc3 31. Rxc3 Qg5 32. Qxc4 Rg7 33. Qd5 e4 34. Rg3
Qf4 35. Bc4 Rxg3 36. hxg3 Qh6# 0-1

[Event "España ch 2010 sub-14"]
[Site "Linares ESP"]
[Date "2010.07.17"]
[Round "8.14"]
[White "Lopez Caudevilla, David"]
[Black "Cavalle Pulla, Daniel"]
[Result "1/2-1/2"]
[WhiteElo "1635"]
[BlackElo "1862"]
[PlyCount "51"]
[EventDate "2010.07.13"]
[EventType "swiss"]
[EventRounds "9"]
[EventCountry "ESP"]
[Source "lmi"]
[SourceDate "2010.07.13"]

1. e4 e6 2. d4 d5 3. Nc3 Bb4 4. exd5 exd5 5. Bd3 Nc6 6. Nge2 Nf6 7. Bg5 h6 8.
Bh4 O-O 9. O-O Bxc3 10. bxc3 Na5 11. Rb1 b6 12. Re1 Re8 13. Nc1 g5 14. Rxe8+
Qxe8 15. Bg3 Qe7 16. Qe2 Qxe2 17. Nxe2 c6 18. Rf1 c5 19. dxc5 bxc5 20. Bc7 Nc6
21. Bb5 Bb7 22. c4 a6 23. Bxc6 Bxc6 24. cxd5 Nxd5 25. Bd6 Bb5 26. Rd1 1/2-1/2

[Event "España ch 2010 sub-14"]
[Site "Linares ESP"]
[Date "2010.07.17"]
[Round "8.16"]
[White "Prado Acebo, Ines"]
[Black "Navarrete Espi, Samuel"]
[Result "0-1"]
[WhiteElo "1552"]
[BlackElo "2057"]
[PlyCount "126"]
[EventDate "2010.07.13"]
[EventType "swiss"]
[EventRounds "9"]
[EventCountry "ESP"]
[Source "lmi"]
[SourceDate "2010.07.13"]

1. d4 Nf6 2. c4 g6 3. Nc3 Bg7 4. e4 d6 5. Nf3 O-O 6. Be2 e5 7. dxe5 dxe5 8.
Qxd8 Rxd8 9. Bg5 Re8 10. Nd5 Nxd5 11. cxd5 c6 12. Bc4 b5 13. Bb3 a5 14. a3 a4
15. Bc2 c5 16. Rc1 Nd7 17. O-O c4 18. Rfd1 Nc5 19. Bb1 Nb3 20. Rc3 Nd4 21. Re1
h6 22. Bd2 Ra6 23. Bc2 Rd6 24. Bd1 Red8 25. Rce3 f5 26. Bb4 R6d7 27. d6 f4 28.
Nxd4 fxe3 29. Nxb5 exf2+ 30. Kxf2 h5 31. Bxa4 Rf7+ 32. Kg1 Bd7 33. Nc3 Bf8 34.
Bb5 Bxb5 35. Nxb5 Rb7 36. a4 Kf7 37. Ba5 Rdd7 38. Bc7 Rxb5 39. axb5 Bxd6 40.
Bxd6 Rxd6 41. Ra1 Rb6 42. Ra7+ Ke8 43. Ra5 Kd7 44. Kf2 Kd6 45. Ra6 Kc5 46. Rxb6
Kxb6 47. Ke3 Kxb5 48. Kd2 Kb4 49. Kc2 g5 50. Kd2 Kb3 51. Kc1 c3 52. bxc3 Kxc3
53. Kd1 Kd3 54. Ke1 Kxe4 55. Ke2 Kd4 56. g3 g4 57. Kd2 e4 58. Ke2 e3 59. Ke1
Kd3 60. Kd1 e2+ 61. Ke1 Ke3 62. h3 gxh3 63. g4 h2 0-1